| 000 | 00541nam a22002297a 4500 | ||
|---|---|---|---|
| 003 | UA-OsUOA | ||
| 001 | 20551 | ||
| 007 | ta | ||
| 008 | 20031031b un ||||| |||| 00| 0 ukr d | ||
| 090 |
_a913(5) _bК18 |
||
| 942 | _cBK | ||
| 040 |
_aUA-OsUOA _brus _cUA-OsUOA _dUA-OsUOA |
||
| 245 |
_aКампучия _bСправочник _cРед. Е.В.Кобелев |
||
| 300 | _a184 с. | ||
| 955 | _a0 | ||
| 041 | _arus | ||
| 080 | _a913(5) | ||
| 260 |
_aМосква _bНаука _c1985 |
||
| 044 | _aRU | ||
| 650 | 7 | _2UDC | |
| 999 |
_c306730 _d306730 |
||